Normal view
MARC view
Entry Personal Name
001 - CONTROL NUMBER
- control field: 100775
003 - CONTROL NUMBER IDENTIFIER
- control field: OSt
005 - DATE AND TIME OF LATEST TRANSACTION
- control field: 20220918201814.0
008 - FIXED-LENGTH DATA ELEMENTS
- fixed length control field: 220918|| aca||aabn | a|a d
040 ## - CATALOGING SOURCE
- Original cataloging agency: OSt
- Transcribing agency: OSt
100 ## - HEADING--PERSONAL NAME
- Personal name: Mahmud Husain
670 ## - SOURCE DATA FOUND
- Source citation: Work cat.: (OSt)220199: Mahmud Husain, Dreams of Tipu Sultan tr from Persian, 1950
